| LEADER |
01154nam0a2200217 450 |
| 001 |
16846444 |
| 010 |
|
|
|a 978-2-330-20347-4
|b br.
|d 23
|
| 100 |
|
|
|a 20250306d2025 u u0frey01 ba
|
| 101 |
1 |
|
|a fre
|c jpn
|
| 102 |
|
|
|a FR
|
| 200 |
0 |
|
|a fil de l'espoir (Le)
|f KEIGO HIGASHINO
|g trad. SOPHIE REFLE
|
| 207 |
|
1 |
|a
|
| 210 |
|
|
|a Arles
|b 43-47 Rue du docteur Fanton. - Passage du Méjan
|c Actes Sud
|d 2025
|
| 215 |
|
|
|a 1 vol. (362 p.)
|
| 225 |
1 |
|
|a ACTES NOIRS
|
| 330 |
|
|
|a Une famille perd ses deux enfants dans un tremblement de terre. Les parents décident d'avoir un autre enfant pour survivre à cette perte. Quinze ans plus tard, une femme est assassinée dans son salon de thé à Tokyo. A la même époque, Matsumiya, que les lecteurs ont rencontré dans ªLes Doigts rougesº, reçoit un appel d'une femme qui lui dit qu'elle est sa demi-súur. Ces trois faits sont-ils liés ? Et de quelle façon ?
|
| 700 |
|
0 |
|a HIGASHINO
|b KEIGO
|c Auteur du texte
|4 70
|
| 702 |
|
0 |
|a REFLE
|b SOPHIE
|c Traducteur
|4 730
|
| 900 |
|
|
|a Roman Policier
|
| 901 |
|
|
|a Accessible au prêt
|
| 995 |
|
|
|a Bibliothèque
|c Bibliothèque
|f 024025313
|h 024025313
|k RP HIG
|o p
|q a
|r az
|e Bibliothèque
|